| 000 | 00682nam a22002057a 4500 | ||
|---|---|---|---|
| 005 | 20171025124138.0 | ||
| 010 | _aENG-121069 | ||
| 020 |
_c250.00 _a8180642216 |
||
| 035 | _aEN-104601 | ||
| 037 | _bDBAD/PUB | ||
| 082 | _a320.8095415 | ||
| 100 | _aDas, Nityananda | ||
| 245 |
_aGrassroot democracy and panchayati raj in tripura / _cby Nityananda Das ; forworded by Benimadhab Majumder |
||
| 260 |
_aKolkata _bProgressive Publishers _c2012 |
||
| 270 |
_a37/A, College Street _bKolkata |
||
| 300 |
_a294p. _c22cm(Hb) _bill. |
||
| 500 | _aIncludes bibliographical references and index | ||
| 700 | _aMajumder, Benimadhab | ||
| 942 |
_2ddc _cEN _h320.8095415 _mDAS |
||
| 999 |
_c146841 _d146841 |
||